Real or Fake : Family Guy - Sudden Death - Statistics

General Stats
  • This quiz has been taken 483 times
  • The average score is 8 of 14
Answers on the Grid
Answers color-coded by a green-red scale on the quiz's grid according to % correct below.
Bonnie Swanson
Neil Goldman
Adam West
Berler McGhee
Principal Shepherd
Gina Griffin
Tom Tucker
Simon Kinney
Allen Williams
Elizabeth Peters
Joyce Kinney
Carter Pewterschmidht
Connie Bertram
Connie D'Amico
Ollie Williams
Jasper Gasque
Old West
Bruce Straight
Consuela
Isabela Cruz
Dr. Hartman
George Ackman
Jerome Duffy
Fuller Levine
Rupert Ashcroft
James Dorothy
Gus Swanson
Loretta Brown
Robert Hathaway
Carter Schneider
 
Answer Stats
Answer % Correct
Bonnie Swanson
93%
Adam West
86%
Tom Tucker
78%
Neil Goldman
75%
Principal Shepherd
75%
Carter Pewterschmidht
71%
Dr. Hartman
54%
Consuela
51%
Connie D'Amico
50%
Joyce Kinney
50%
Loretta Brown
50%
Ollie Williams
47%
Old West
24%
Bruce Straight
17%
No matching quizzes found
Score Distribution
Percent of People with Each Score
Percentile by Number Answered
Your Score History
You have not taken this quiz